LEADER 00887nam0-22002891i-450- 001 990006593150403321 005 20001010 035 $a000659315 035 $aFED01000659315 035 $a(Aleph)000659315FED01 035 $a000659315 100 $a20001010d--------km-y0itay50------ba 101 0 $aita 105 $ay-------001yy 200 1 $a<>internazione deviante$eper un orientamento psico-sociologico al problema norma-devianza e criminalità$fdi GaetanoDe Leo 210 $aMilano$cGiuffré$d1981 215 $aVIII, 196 p., 23 cm 225 1 $aPsicologia sociale e clinica della devianza$v2 700 1$aDe Leo,$bGaetano$f<1940- >$0121001 801 0$aIT$bUNINA$gRICA$2UNIMARC 901 $aBK 912 $a990006593150403321 952 $aCOLLEZ. 1048 (2)$b2411$fFSPBC 959 $aFSPBC 996 $aInternazione deviante$9622812 997 $aUNINA DB $aGEN01 LEADER 01497nam--2200457---450- 001 990001111290203316 005 20100712092632.0 010 $a88-243-1305-1 035 $a000111129 035 $aUSA01000111129 035 $a(ALEPH)000111129USA01 035 $a000111129 100 $a20021204d1999----km-y0enga50------ba 101 0 $aita 102 $aIT 105 $ay|||z|||001yy 200 1 $aDiritto romano e diritti orientali$fEdoardo Volterra$ged una introduzione di Daniela Piattelli 210 $aNapoli$cJovene$d1999 215 $aL, 308 p.$d24 cm 225 2 $aAntiqua$v22 300 $aCon una nota dell'autore 410 0$12001$aAntiqua$v22 606 0 $aDiritto romano$xElementi orientali 676 $a340.54 700 1$aVOLTERRA,$bEdoardo$0230387 702 1$aPIATTELLI,$bDaniela 801 0$aIT$bSalbc$gISBD$cISBD 912 $a990001111290203316 951 $aXXII.2. Coll. 3/ 23 (COLL EQR 22)$b34677 G.$cXXII.2. Coll. 3/ 23 (COLL EQR)$d00099974 951 $aCOLL EQR 22$b34676 G.$cCOLL EQR$d00099979 959 $aBK 969 $aGIU 979 $aMARIA$b10$c20021204$lUSA01$h1039 979 $aCHIARA$b90$c20030305$lUSA01$h1316 979 $aCHIARA$b90$c20030305$lUSA01$h1316 979 $aRENATO$b90$c20030318$lUSA01$h1636 979 $aANGELA$b90$c20030321$lUSA01$h1055 979 $aPATRY$b90$c20040406$lUSA01$h1717 979 $aRSIAV2$b90$c20100712$lUSA01$h0926 996 $aDiritto romano e diritti orientali$9577600 997 $aUNISA LEADER 00910nam a22002531i 4500 001 991003417489707536 005 20040414125145.0 008 040802s1921 fr |||||||||||||||||fre 035 $ab13072481-39ule_inst 035 $aARCHE-102509$9ExL 040 $aBiblioteca Interfacoltà$bita$cA.t.i. Arché s.c.r.l. Pandora Sicilia s.r.l. 082 04$a133 100 1 $aMaeterlinck, Maurice$079942 245 12$aL'hôte inconnu /$cMaurice Maeterlinck 260 $aParis :$bE. Fasquelle,$c1921 300 $aVII, 324 p. ;$c19 cm 440 0$aBibliothèque Charpentier 650 4$aOccultismo 907 $a.b13072481$b02-04-14$c05-08-04 912 $a991003417489707536 945 $aLE002 Fondo Giudici D 979$g1$i2002000221070$lle002$nC. 1$o-$pE0.00$q-$rn$so $t0$u0$v0$w0$x0$y.i13700157$z05-08-04 996 $aHôte inconnu$9291378 997 $aUNISALENTO 998 $ale002$b05-08-04$cm$da $e-$ffre$gfr $h2$i1